K problematike poisťovníctva a poistenia medzinárodných rizík ako súčasti neživotných rizík v Slovenskej republike

Poistenie medzinárodných rizík, ako súčasti neživotných rizík a ich význam z hľadiska diverzifikácie prípadov podľa toho či ide o export, reexport alebo import a množstva ďalších aspektov.

Gespeichert in:
Bibliographische Detailangaben
1. Verfasser: Drugdová, Barbora
Format: Buchkapitel
Sprache:Slowakisch
Schlagworte:
Tags: Tag hinzufügen
Keine Tags, Fügen Sie das erste Tag hinzu!

MARC

LEADER 00000nla a2200000 4500
001 0199320
005 20240502073354.7
041 0 |a slo 
044 |a SK 
245 1 0 |a K problematike poisťovníctva a poistenia medzinárodných rizík ako súčasti neživotných rizík v Slovenskej republike  |c Barbora Drugdová 
520 |a Poistenie medzinárodných rizík, ako súčasti neživotných rizík a ich význam z hľadiska diverzifikácie prípadov podľa toho či ide o export, reexport alebo import a množstva ďalších aspektov. 
610 2 0 |a poisťovníctvo 
610 2 0 |a poisťovne komerčné 
610 2 0 |a poistenie neživotné 
610 2 0 |a ochrana poistná 
610 2 0 |a podmienky poistné 
610 2 0 |a riziko poistné 
610 2 0 |a riziko finančné 
100 1 |a Drugdová, Barbora